000 00246nam a22001097a 4500
008 160507b xxu||||| |||| 00| 0 eng d
020 _a9780323068628
041 _aeng
080 _a616
245 _aPathology:
_cEdward F. Goljan;
942 _2udc
_cBK
999 _c1885
_d1885